WWII Ally or Axis - (Fixed) - Statistics

General Stats
  • This quiz has been taken 582 times
    556 since last reset
  • The average score is 23 of 30
Answer Stats
Hint Answer % Correct
Ally France
96%
Axis Italy
96%
Axis Japan
96%
Ally United Kingdom
96%
Ally United States
96%
Ally Soviet Union
95%
Axis Germany
94%
Ally China
90%
Ally Canada
87%
Ally Australia
86%
Axis Romania
85%
Ally Poland
84%
Axis Finland
81%
Axis Hungary
81%
Ally Norway
81%
Ally Belgium
80%
Ally Netherlands
80%
Axis Bulgaria
79%
Ally New Zealand
75%
Ally Denmark
73%
Ally Yugoslavia
70%
Ally India
68%
Axis Austria
64%
Ally South Africa
59%
Ally Luxembourg
58%
Axis Slovakia
53%
Ally Egypt
51%
Axis Korea
43%
Ally Czech Republic
33%
Ally Philippines
28%
No matching quizzes found
Score Distribution
Percent of People with Each Score
Percentile by Number Answered
Your Score History
You have not taken this quiz since the last reset